书目信息 |
| 题名: |
德川思想小史
|
|
| 作者: | 源了圆 著 ;郭连友 译 | |
| 分册: | ||
| 出版信息: | 北京 外语教学与研究出版社 2009.11 |
|
| 页数: | 223页 | |
| 开本: | 23cm | |
| 丛书名: | 日本思想文化丛书 | |
| 单 册: | ||
| 中图分类: | G131.3 | |
| 科图分类: | ||
| 主题词: | 思想史--研究 | |
| 电子资源: | ||
| ISBN: | 978-7-5600-9100-6 | |
| 000 | 00869nam0 2200277 45 | |
| 001 | 人天408-0680 | |
| 005 | 20110715163725.18 | |
| 010 | @a978-7-5600-9100-6@dCNY20.00 | |
| 100 | @a20090531d2009 ekmy0chiy0120 ea | |
| 101 | 0 | @achi |
| 102 | @aCN@b110000 | |
| 105 | @ay z 000yy | |
| 106 | @ar | |
| 200 | 1 | @a德川思想小史@f(日)源了圆著@g郭连友译 |
| 210 | @a北京@c外语教学与研究出版社@d2009.11 | |
| 215 | @a223页@d23cm | |
| 225 | 2 | @a日本思想文化丛书 |
| 330 | @a本书是北京日本学研究中心为推进面向中国国内的文化与教育活动、充实与日本相关的教材、促进这些教材得到有效利用而于本年度与财团法人大平正芳纪念财团共同实施的《日本学术名著翻译·出版事业》中的·部。 | |
| 333 | @a哲学爱好者 | |
| 586 | @a | |
| 606 | 0 | @a思想史@x研究 |
| 690 | @aG131.3@v5 | |
| 701 | 0 | @c(日)@a源了圆@4著 |
| 702 | 0 | @a郭连友@4译 |
| 801 | 0 | @aCN@c20110610 |
| 905 | @dG131.3@eY935@f3 | |
| 德川思想小史/(日)源了圆著/郭连友译.-北京:外语教学与研究出版社,2009.11 |
| 223页;23cm.-(日本思想文化丛书) |
| 使用对象:哲学爱好者 |
| ISBN 978-7-5600-9100-6:CNY20.00 |
| 本书是北京日本学研究中心为推进面向中国国内的文化与教育活动、充实与日本相关的教材、促进这些教材得到有效利用而于本年度与财团法人大平正芳纪念财团共同实施的《日本学术名著翻译·出版事业》中的·部。 |
| ● |
| 相关链接 |
|
|
|
正题名:德川思想小史
索取号:G131.3/Y935
 
预约/预借
| 序号 | 登录号 | 条形码 | 馆藏地/架位号 | 状态 | 备注 |
| 1 | 884418 | 208844189 | 社科库409/409社科库 56排5列2层/ [索取号:G131.3/Y935] | 在馆 | |
| 2 | 884419 | 208844198 | 社科库409/409社科库 56排5列2层/ [索取号:G131.3/Y935] | 在馆 | |
| 3 | 884420 | 208844205 | 社科库409/409社科库 56排5列2层/ [索取号:G131.3/Y935] | 在馆 |